|
|
|
|
| LEADER |
01732cas a2200253 a 4500 |
| 001 |
AALejournalIMF021786 |
| 008 |
230101c9999 xx r poo 0 0eng d |
| 020 |
|
|
|c 5.00 USD
|
| 020 |
|
|
|z 9781462320271
|
| 022 |
|
|
|a 2075-8669
|
| 040 |
|
|
|a BD-DhAAL
|c BD-DhAAL
|
| 100 |
1 |
|
|a Last, Duncan.
|
| 245 |
1 |
2 |
|a A Basic Model of Performance-Based Budgeting /
|c Duncan Last, Marc Robinson.
|
| 264 |
|
1 |
|a Washington, D.C. :
|b International Monetary Fund,
|c 2009.
|
| 300 |
|
|
|a 1 online resource (16 pages)
|
| 490 |
1 |
|
|a Technical Notes and Manuals
|
| 500 |
|
|
|a <strong>Off-Campus Access:</strong> No User ID or Password Required
|
| 500 |
|
|
|a <strong>On-Campus Access:</strong> No User ID or Password Required
|
| 506 |
|
|
|a Electronic access restricted to authorized BRAC University faculty, staff and students
|
| 520 |
3 |
|
|a This technical note presents a basic model of performance-based budgeting. It describes the characteristics of the model and explains how low-income countries should approach performance-based budgeting. The note emphasizes necessary preconditions for any move to performance-based budgeting-recognizing that performance-based budgeting, even in its basic form, should not be considered in countries with seriously dysfunctional public financial management and governance systems. The note also outlines reasons why more complex performance-based budgeting models of performance-based budgeting may not be appropriate in many countries.
|
| 538 |
|
|
|a Mode of access: Internet
|
| 700 |
1 |
|
|a Robinson, Marc.
|
| 830 |
|
0 |
|a Technical Notes and Manuals; Technical Notes and Manuals ;
|v No. 2009/001
|
| 856 |
4 |
0 |
|z Full text available on IMF
|u http://elibrary.imf.org/view/journals/005/2009/001/005.2009.issue-001-en.xml
|z IMF e-Library
|